[Event "GLOCAL SQUARE 53rd National Challengers Chess Cham"]
[Site "Naivedhyam Celebration Centre, Nagpur"]
[Date "2015.08.17"]
[Round "1"]
[Board "1"]
[White "Aansh, Gupta"]
[Black "Sengupta, Deep"]
[Result "0-1"]
[WhiteElo "1971"]
[BlackElo "2594"]
[PlyCount "80"]
[EventDate "2015.08.17"]
[EventRounds "13"]
[EventCountry "IND"]

1. Nf3 d5 2. b3 Nf6 3. Bb2 Bf5 4. e3 e6 5. Be2 h6 6. O-O Be7 7. c4 O-O 8. Nc3
c6 9. cxd5 exd5 10. d4 Nbd7 11. Bd3 Bxd3 12. Qxd3 Bd6 13. a3 Re8 14. b4 a6 15.
Na4 b5 16. Nc5 Nb6 17. Ne5 Qc7 18. h3 Nc4 19. Nxc4 bxc4 20. Qc2 Ne4 21. Bc3 f5
22. Rfb1 Qf7 23. Be1 f4 24. f3 Ng5 25. h4 Ne6 26. Nxe6 Rxe6 27. e4 dxe4 28.
fxe4 f3 29. e5 Rf8 30. g3 Be7 31. Bf2 Rg6 32. Qe4 Qe6 33. Kf1 c3 34. Qd3 Qh3+
35. Ke1 Rxg3 36. Qxc3 Rg2 37. Qc4+ Kh8 38. Ra2 Bxh4 39. Qf1 Qh2 40. Rbb2 Rg1
 0-1

[Event "GLOCAL SQUARE 53rd National Challengers Chess Cham"]
[Site "Naivedhyam Celebration Centre, Nagpur"]
[Date "2015.08.17"]
[Round "1"]
[Board "2"]
[White "Lalith, Babu M.R."]
[Black "Ashutosh, Kumar"]
[Result "1-0"]
[WhiteElo "2570"]
[BlackElo "1966"]
[PlyCount "77"]
[EventDate "2015.08.17"]
[EventRounds "13"]
[EventCountry "IND"]

1. d4 Nf6 2. c4 e6 3. Nf3 Bb4+ 4. Nbd2 b6 5. g3 Bb7 6. Bg2 O-O 7. O-O c5 8.
dxc5 Bxc5 9. Nb3 Be7 10. Bf4 d6 11. Rc1 Na6 12. Qd2 Qd7 13. Bh3 Ne4 14. Qe3
Nac5 15. Rfd1 Qc7 16. Nxc5 bxc5 17. Qa3 Bc6 18. Bg2 Rab8 19. Ne1 Bg5 20. Bxe4
Bxf4 21. Bxh7+ Kxh7 22. gxf4 f5 23. Rc3 Rf6 24. Rh3+ Rh6 25. Qc3 Ba8 26. Rg3
Rg6 27. b3 d5 28. Rxg6 Kxg6 29. Qg3+ Kf7 30. Nf3 d4 31. Ne5+ Kg8 32. Qg6 Qe7
33. Rd3 Qf6 34. Qh5 Rd8 35. Rh3 Kf8 36. Qh7 Bb7 37. Rg3 Qh6 38. Qxh6 gxh6 39.
Rg6 1-0

[Event "GLOCAL SQUARE 53rd National Challengers Chess Cham"]
[Site "Naivedhyam Celebration Centre, Nagpur"]
[Date "2015.08.17"]
[Round "1"]
[Board "3"]
[White "Ananya, Suresh"]
[Black "Karthikeyan, Murali"]
[Result "0-1"]
[WhiteElo "1956"]
[BlackElo "2510"]
[PlyCount "100"]
[EventDate "2015.08.17"]
[EventRounds "13"]
[EventCountry "IND"]

1. e4 c5 2. Nf3 e6 3. d4 cxd4 4. Nxd4 a6 5. Nc3 Qc7 6. Be2 Nf6 7. O-O Bb4 8.
Bg5 Nc6 9. Bxf6 gxf6 10. Nxc6 bxc6 11. Qd4 Be7 12. Kh1 h5 13. f4 h4 14. h3 Bb7
15. e5 c5 16. Qe3 Rg8 17. Bf3 O-O-O 18. Bxb7+ Qxb7 19. Qe4 f5 20. Qxb7+ Kxb7
21. Ne2 d6 22. Rad1 Kc6 23. c4 a5 24. exd6 Bxd6 25. Rf3 Bc7 26. Rfd3 Rb8 27. b3
a4 28. Rf3 Rb7 29. Rdd3 Ra8 30. Rde3 axb3 31. axb3 Ra2 32. Kh2 Rb8 33. Kg1 Rd8
34. g4 hxg3 35. Nxg3 Rd1+ 36. Nf1 Rd4 37. Rf2 Rxf2 38. Kxf2 Bxf4 39. Rf3 Kd6
40. Ng3 Bg5 41. Ne2 Rd2 42. Ke1 Rb2 43. Kd1 Ke5 44. Rg3 Kf6 45. Nc3 f4 46. Ne4+
Ke5 47. Rxg5+ Kxe4 48. Rxc5 f3 49. Ke1 f2+ 50. Kf1 Kf3 0-1

[Event "GLOCAL SQUARE 53rd National Challengers Chess Cham"]
[Site "Naivedhyam Celebration Centre, Nagpur"]
[Date "2015.08.17"]
[Round "1"]
[Board "4"]
[White "Deepan, Chakkravarthy J."]
[Black "Nayandeep, Dilip Kotangle"]
[Result "1-0"]
[WhiteElo "2500"]
[BlackElo "1956"]
[PlyCount "83"]
[EventDate "2015.08.17"]
[EventRounds "13"]
[EventCountry "IND"]

1. g3 d5 2. Bg2 Nf6 3. c4 c6 4. d4 e6 5. Nc3 Nbd7 6. Nf3 Be7 7. O-O O-O 8. Qd3
b6 9. e4 Ba6 10. b3 dxe4 11. Nxe4 Rc8 12. Bb2 Nxe4 13. Qxe4 Nf6 14. Qe2 Qc7 15.
Rfe1 Bb4 16. Red1 Qe7 17. a3 Bd6 18. Qc2 h6 19. Re1 Rfe8 20. Rad1 Qc7 21. Qc1
Nd7 22. h4 Rcd8 23. Nh2 Bf8 24. Ng4 Bc8 25. Qc3 f5 26. Nh2 Nf6 27. Qc2 Kf7 28.
Nf3 Bd6 29. c5 Bxg3 30. fxg3 Qxg3 31. Qf2 Qxf2+ 32. Kxf2 Ng4+ 33. Kg1 bxc5 34.
dxc5 Rxd1 35. Rxd1 e5 36. Bh3 f4 37. Rd6 h5 38. Ng5+ Kf8 39. Bg2 Bf5 40. Bxc6
e4 41. Bxe8 Kxe8 42. Nxe4 1-0

[Event "GLOCAL SQUARE 53rd National Challengers Chess Cham"]
[Site "Naivedhyam Celebration Centre, Nagpur"]
[Date "2015.08.17"]
[Round "1"]
[Board "5"]
[White "Audi, Ameya"]
[Black "Shyam, Sundar M."]
[Result "0-1"]
[WhiteElo "1952"]
[BlackElo "2499"]
[PlyCount "62"]
[EventDate "2015.08.17"]
[EventRounds "13"]
[EventCountry "IND"]

1. e4 c5 2. Nf3 d6 3. d4 cxd4 4. Nxd4 Nf6 5. Nc3 a6 6. Be3 e5 7. Nb3 Be7 8. f3
O-O 9. Qd2 Be6 10. O-O-O a5 11. Bb5 Na6 12. Kb1 Nc7 13. Bb6 Qb8 14. Bxa5 Bxb3
15. Bxc7 Bxa2+ 16. Nxa2 Qxc7 17. Qc3 Qb6 18. Bc4 Ra5 19. Bb3 Rfa8 20. Qc4 d5
21. exd5 Bd6 22. Kc1 Qe3+ 23. Rd2 e4 24. Qe2 Rxa2 25. Bxa2 Rxa2 26. c3 Ra1+ 27.
Kc2 Qxe2 28. Rxa1 Qb5 29. Ra8+ Bf8 30. d6 exf3 31. gxf3 g6 0-1

[Event "GLOCAL SQUARE 53rd National Challengers Chess Cham"]
[Site "Naivedhyam Celebration Centre, Nagpur"]
[Date "2015.08.17"]
[Round "1"]
[Board "6"]
[White "Kunte, Abhijit"]
[Black "Negi, Virender Singh"]
[Result "1/2-1/2"]
[WhiteElo "2493"]
[BlackElo "1951"]
[PlyCount "55"]
[EventDate "2015.08.17"]
[EventRounds "13"]
[EventCountry "IND"]

1. d4 f5 2. g3 Nf6 3. Bg2 g6 4. b3 Bg7 5. Bb2 c6 6. Nf3 O-O 7. O-O d6 8. Nbd2
Qc7 9. Re1 Na6 10. c4 Bd7 11. Qc2 Nb4 12. Qb1 a5 13. a3 Na6 14. e4 fxe4 15.
Nxe4 Bf5 16. Nh4 Nxe4 17. Bxe4 Bxe4 18. Qxe4 e5 19. dxe5 Rae8 20. Qc2 Bxe5 21.
Bxe5 dxe5 22. c5 Qe7 23. Rac1 Rd8 24. Re4 Rd5 25. b4 Qf7 26. Rce1 axb4 27. axb4
Rd4 28. Rxe5 1/2-1/2

[Event "GLOCAL SQUARE 53rd National Challengers Chess Cham"]
[Site "Naivedhyam Celebration Centre, Nagpur"]
[Date "2015.08.17"]
[Round "1"]
[Board "7"]
[White "Vantika, Agrawal"]
[Black "Das, Arghyadip"]
[Result "1-0"]
[WhiteElo "1951"]
[BlackElo "2485"]
[PlyCount "72"]
[EventDate "2015.08.17"]
[EventRounds "13"]
[EventCountry "IND"]

1. d4 g6 2. Nf3 Bg7 3. g3 c5 4. d5 Nf6 5. Bg2 O-O 6. O-O b5 7. c4 Bb7 8. Re1
bxc4 9. e4 d6 10. Nfd2 Nbd7 11. Nxc4 Rb8 12. h3 Ne8 13. Qc2 Ba6 14. Nba3 Nc7
15. Bd2 Bxc4 16. Nxc4 Nb5 17. Be3 e6 18. Rad1 Nd4 19. Bxd4 Bxd4 20. b3 exd5 21.
exd5 Nf6 22. Re2 Qc7 23. Rde1 Rfe8 24. Rxe8+ Rxe8 25. Rxe8+ Nxe8 26. Qe2 Nf6
27. Bf3 Kf8 28. Kg2 Nd7 29. Qe1 Ne5 30. Nxe5 dxe5 31. Be2 f5 32. Qd2 Kg7 33.
Bc4 h6 34. h4 Qd6 35. Qc2 Qf6 36. Qd3 g5 1-0

[Event "GLOCAL SQUARE 53rd National Challengers Chess Cham"]
[Site "Naivedhyam Celebration Centre, Nagpur"]
[Date "2015.08.17"]
[Round "1"]
[Board "8"]
[White "Venkatesh, M.R."]
[Black "Sadhu, S Adithya"]
[Result "1-0"]
[WhiteElo "2484"]
[BlackElo "1950"]
[PlyCount "49"]
[EventDate "2015.08.17"]
[EventRounds "13"]
[EventCountry "IND"]

1. e4 c5 2. b3 Nc6 3. Bb2 d6 4. Bb5 Bd7 5. f4 Nf6 6. Bxc6 Bxc6 7. d3 e6 8. Nd2
Be7 9. Ngf3 O-O 10. Qe2 b5 11. O-O a5 12. Kh1 a4 13. a3 Qc7 14. e5 Nd5 15. exd6
Bxd6 16. Ne5 Rfe8 17. Nxc6 Qxc6 18. Qg4 e5 19. Rae1 f6 20. Ne4 exf4 21. c4 Rxe4
22. Rxe4 Ne3 23. Qe6+ Kf8 24. Rfxf4 Re8 25. Rxf6+ 1-0

[Event "GLOCAL SQUARE 53rd National Challengers Chess Cham"]
[Site "Naivedhyam Celebration Centre, Nagpur"]
[Date "2015.08.17"]
[Round "1"]
[Board "9"]
[White "Harshita, Guddanti"]
[Black "Thejkumar, M. S."]
[Result "0-1"]
[WhiteElo "1949"]
[BlackElo "2479"]
[PlyCount "64"]
[EventDate "2015.08.17"]
[EventRounds "13"]
[EventCountry "IND"]

1. e4 c6 2. d4 d5 3. Nc3 a6 4. exd5 cxd5 5. Bd3 Nc6 6. Nf3 Bg4 7. Be3 e6 8. h3
Bh5 9. O-O Bd6 10. a3 Nge7 11. b4 f6 12. Be2 O-O 13. Nh4 Bf7 14. f4 Qc7 15. Nb1
e5 16. dxe5 fxe5 17. f5 d4 18. Bg5 Nd5 19. f6 Nxf6 20. Bxf6 gxf6 21. Rxf6 e4
22. Nf5 Bg6 23. Bc4+ Kh8 24. Rxf8+ Bxf8 25. Nh4 Ne7 26. Nxg6+ Nxg6 27. Bd5 Qe5
28. Bxb7 Ra7 29. Bc6 Bd6 30. Qg4 Rf7 31. g3 e3 32. Be4 Qf6 0-1

[Event "GLOCAL SQUARE 53rd National Challengers Chess Cham"]
[Site "Naivedhyam Celebration Centre, Nagpur"]
[Date "2015.08.17"]
[Round "1"]
[Board "10"]
[White "Swapnil, S. Dhopade"]
[Black "Barath, Kalyan M"]
[Result "1-0"]
[WhiteElo "2458"]
[BlackElo "1946"]
[PlyCount "69"]
[EventDate "2015.08.17"]
[EventRounds "13"]
[EventCountry "IND"]

1. d4 Nf6 2. Bg5 d5 3. Bxf6 exf6 4. e3 g6 5. c4 dxc4 6. Bxc4 Bg7 7. Ne2 O-O 8.
h4 h6 9. Nf4 Kh8 10. Nc3 c6 11. O-O b5 12. Be2 b4 13. Na4 a5 14. Rc1 f5 15. g3
Ba6 16. Bxa6 Rxa6 17. Qf3 Re8 18. Rc2 Kh7 19. Rfc1 Qe7 20. Nc5 Ra7 21. Kg2 Rc8
22. b3 Rac7 23. Na4 Qd6 24. Nb6 Rh8 25. Nc4 Qd7 26. Nxa5 g5 27. Nh5 g4 28. Qf4
Qd5+ 29. Kg1 Qxa5 30. Rc5 Qa7 31. Qxf5+ Kg8 32. Qxg4 Rh7 33. Nf6+ Kh8 34. Re5
Bxf6 35. Re8# 1-0

[Event "GLOCAL SQUARE 53rd National Challengers Chess Cham"]
[Site "Naivedhyam Celebration Centre, Nagpur"]
[Date "2015.08.17"]
[Round "1"]
[Board "11"]
[White "Govind, Kumar"]
[Black "Neelotpal, Das"]
[Result "0-1"]
[WhiteElo "1946"]
[BlackElo "2448"]
[PlyCount "88"]
[EventDate "2015.08.17"]
[EventRounds "13"]
[EventCountry "IND"]

1. d4 Nf6 2. Nf3 c5 3. e3 g6 4. Be2 Bg7 5. O-O cxd4 6. exd4 d5 7. c3 Nc6 8.
Nbd2 O-O 9. Re1 a6 10. Qb3 Qc7 11. Nf1 Bg4 12. h3 Bxf3 13. Bxf3 e6 14. Ne3 b5
15. Ng4 Nxg4 16. Bxg4 b4 17. Be2 Qa5 18. Bf4 Rfc8 19. Rec1 Bf8 20. Bd1 bxc3 21.
bxc3 Ba3 22. Rcb1 Ne7 23. Bd2 Nf5 24. Qb6 Qxb6 25. Rxb6 Nd6 26. Rb3 Nc4 27. Be1
a5 28. Rab1 a4 29. Rb7 Bf8 30. Rd7 a3 31. Kf1 Nb2 32. Ke2 Bh6 33. Bd2 Bxd2 34.
Kxd2 Nxd1 35. Rxd1 Rab8 36. Ke1 Rb2 37. Rd2 Rcb8 38. Ra7 Rxd2 39. Kxd2 Rb2+ 40.
Ke3 Rxa2 41. g4 g5 42. Kf3 Ra1 43. Kg2 a2 44. Kh2 Kf8 0-1

[Event "GLOCAL SQUARE 53rd National Challengers Chess Cham"]
[Site "Naivedhyam Celebration Centre, Nagpur"]
[Date "2015.08.17"]
[Round "1"]
[Board "12"]
[White "Swayams, Mishra"]
[Black "Soham, Das"]
[Result "1-0"]
[WhiteElo "2446"]
[BlackElo "1946"]
[PlyCount "57"]
[EventDate "2015.08.17"]
[EventRounds "13"]
[EventCountry "IND"]

1. d4 Nf6 2. c4 e6 3. Nc3 Bb4 4. e3 O-O 5. Nge2 d5 6. a3 Be7 7. cxd5 exd5 8. h3
b6 9. g4 Bb7 10. Bg2 Bd6 11. O-O Re8 12. f4 Ne4 13. Nxe4 dxe4 14. Nc3 Nd7 15.
Rf2 Nf6 16. g5 Nd5 17. Qg4 Nxc3 18. bxc3 Bc8 19. f5 Qe7 20. Qh4 c5 21. f6 Qc7
22. Bxe4 Rxe4 23. Qxe4 Bb7 24. d5 Rd8 25. c4 g6 26. Bb2 Bc8 27. Qh4 Bg3 28. Qh6
Bxf2+ 29. Kh1 1-0

[Event "GLOCAL SQUARE 53rd National Challengers Chess Cham"]
[Site "Naivedhyam Celebration Centre, Nagpur"]
[Date "2015.08.17"]
[Round "1"]
[Board "13"]
[White "Mohanan, U.C."]
[Black "Das, Sayantan"]
[Result "0-1"]
[WhiteElo "1934"]
[BlackElo "2444"]
[PlyCount "64"]
[EventDate "2015.08.17"]
[EventRounds "13"]
[EventCountry "IND"]

1. d4 Nf6 2. c4 g6 3. Nc3 Bg7 4. e4 d6 5. f3 O-O 6. Be3 c5 7. dxc5 dxc5 8. Qxd8
Rxd8 9. Bxc5 Nc6 10. Be3 Be6 11. Rc1 Rac8 12. b3 Nb4 13. e5 Nd7 14. a3 Nc6 15.
f4 f6 16. exf6 Nxf6 17. Be2 Ng4 18. Bxg4 Bxg4 19. h3 Bf5 20. Nge2 Na5 21. Nd5
Kf7 22. Bxa7 Nxb3 23. Rd1 Bc2 24. Ne3 Bxd1 25. Nxd1 Rxc4 26. O-O Rc2 27. Ng3
Bd4+ 28. Bxd4 Nxd4 29. f5 g5 30. Ne3 Ne2+ 31. Kh2 Nxg3 32. Kxg3 Rd3 0-1

[Event "GLOCAL SQUARE 53rd National Challengers Chess Cham"]
[Site "Naivedhyam Celebration Centre, Nagpur"]
[Date "2015.08.17"]
[Round "1"]
[Board "14"]
[White "Ramnath, Bhuvanesh.R"]
[Black "Joy, Antony"]
[Result "1-0"]
[WhiteElo "2431"]
[BlackElo "1932"]
[PlyCount "75"]
[EventDate "2015.08.17"]
[EventRounds "13"]
[EventCountry "IND"]

1. e4 c5 2. b3 d6 3. Bb2 Nf6 4. Bb5+ Bd7 5. Bxd7+ Nbxd7 6. d3 g6 7. f4 Bg7 8.
Nf3 O-O 9. O-O d5 10. e5 Ng4 11. Qe2 h5 12. d4 e6 13. Nbd2 Re8 14. c4 a6 15. h3
Nh6 16. Rfd1 Nf5 17. Nf1 Qb6 18. Ne3 Nxe3 19. Qxe3 dxc4 20. d5 cxb3 21. axb3
exd5 22. Rxd5 Qc6 23. Rad1 Re7 24. Rd6 Qc7 25. e6 Nf8 26. Bxg7 Kxg7 27. f5 f6
28. Nh4 g5 29. Nf3 Rae8 30. R6d5 Nh7 31. Qxc5 Qxc5+ 32. Rxc5 h4 33. Nh2 Nf8 34.
Rd6 Rb8 35. Ng4 Ra8 36. Ne3 Nh7 37. Nd5 Ree8 38. Rd7+ 1-0

[Event "GLOCAL SQUARE 53rd National Challengers Chess Cham"]
[Site "Naivedhyam Celebration Centre, Nagpur"]
[Date "2015.08.17"]
[Round "1"]
[Board "15"]
[White "Sahil, Tickoo"]
[Black "Karthikeyan, P."]
[Result "0-1"]
[WhiteElo "1929"]
[BlackElo "2426"]
[PlyCount "58"]
[EventDate "2015.08.17"]
[EventRounds "13"]
[EventCountry "IND"]

1. Nf3 Nf6 2. c4 c5 3. g3 Nc6 4. Bg2 d5 5. b3 d4 6. O-O e5 7. d3 Nd7 8. e3 Be7
9. exd4 cxd4 10. Na3 O-O 11. Nc2 a5 12. Re1 f6 13. Qe2 Kh8 14. Nfxd4 exd4 15.
Bxc6 bxc6 16. Qxe7 Ne5 17. Rxe5 fxe5 18. Qxe5 Re8 19. Qxd4 Re1+ 20. Kg2 Qxd4
21. Nxd4 c5 22. Nc2 Bb7+ 23. Kh3 Re2 24. Ne3 Rxf2 25. Nd5 Raf8 26. Ne7 Re2 27.
Bg5 Rff2 28. Bh4 h5 29. g4 Bg2+ 0-1

[Event "GLOCAL SQUARE 53rd National Challengers Chess Cham"]
[Site "Naivedhyam Celebration Centre, Nagpur"]
[Date "2015.08.17"]
[Round "1"]
[Board "16"]
[White "Laxman, R.R."]
[Black "Badavath, Anand"]
[Result "1-0"]
[WhiteElo "2425"]
[BlackElo "1926"]
[PlyCount "75"]
[EventDate "2015.08.17"]
[EventRounds "13"]
[EventCountry "IND"]

1. d4 d5 2. Nf3 Nf6 3. c4 c6 4. e3 Bf5 5. Nc3 a6 6. Bd3 Bxd3 7. Qxd3 e6 8. O-O
Nbd7 9. Rd1 Be7 10. e4 dxe4 11. Nxe4 Nxe4 12. Qxe4 Nf6 13. Qe2 O-O 14. Bf4 Qa5
15. Bd2 Qf5 16. Ne5 c5 17. g4 Qe4 18. Qxe4 Nxe4 19. Ba5 cxd4 20. Rxd4 f5 21.
gxf5 Nxf2 22. fxe6 Rf5 23. Rd5 Nh3+ 24. Kh1 Nf4 25. Rf1 g6 26. Nxg6 hxg6 27.
Rxf5 gxf5 28. Rxf4 Rf8 29. Rd4 f4 30. Kg2 f3+ 31. Kf1 Rf6 32. Bd8 Rxe6 33. Bxe7
Rxe7 34. Rd2 Re4 35. b3 Rh4 36. Kg1 b5 37. c5 Rh5 38. Rc2 1-0

[Event "GLOCAL SQUARE 53rd National Challengers Chess Cham"]
[Site "Naivedhyam Celebration Centre, Nagpur"]
[Date "2015.08.17"]
[Round "1"]
[Board "17"]
[White "Madhab, Sarma"]
[Black "Shyaamnikhil, P"]
[Result "0-1"]
[WhiteElo "1925"]
[BlackElo "2420"]
[PlyCount "46"]
[EventDate "2015.08.17"]
[EventRounds "13"]
[EventCountry "IND"]

1. d4 Nf6 2. Nf3 c5 3. dxc5 e6 4. c4 Bxc5 5. Nc3 O-O 6. Bg5 Qb6 7. e3 Qxb2 8.
Bxf6 Bb4 9. Bd4 Bxc3+ 10. Bxc3 Qxc3+ 11. Nd2 Na6 12. Rc1 Qa3 13. Qb3 Qxc1+ 14.
Ke2 d5 15. g3 dxc4 16. Nxc4 Nc5 17. Qb4 b6 18. Bg2 Qc2+ 19. Kf1 Ba6 20. Bxa8
Bxc4+ 21. Kg2 Rxa8 22. Rb1 Bd5+ 23. Kg1 Nd3 0-1

[Event "GLOCAL SQUARE 53rd National Challengers Chess Cham"]
[Site "Naivedhyam Celebration Centre, Nagpur"]
[Date "2015.08.17"]
[Round "1"]
[Board "18"]
[White "Himanshu, Sharma"]
[Black "Naveen, Bansal"]
[Result "1-0"]
[WhiteElo "2417"]
[BlackElo "1919"]
[PlyCount "55"]
[EventDate "2015.08.17"]
[EventRounds "13"]
[EventCountry "IND"]

1. e4 e6 2. f4 d5 3. e5 c5 4. Nf3 Nc6 5. c3 Nh6 6. Na3 Nf5 7. Nc2 Be7 8. Bd3
O-O 9. O-O d4 10. Qe2 f6 11. c4 fxe5 12. fxe5 Bd7 13. Qe4 Nb4 14. Nxb4 cxb4 15.
Qxb7 Rb8 16. Qe4 Qb6 17. b3 Bc6 18. Qe1 Rbd8 19. Bb2 g5 20. h3 h5 21. Nxg5 Bxg5
22. Bxf5 exf5 23. Qg3 Rd7 24. h4 f4 25. Rxf4 d3+ 26. Bd4 Qd8 27. Rxf8+ Qxf8 28.
Be3 1-0

[Event "GLOCAL SQUARE 53rd National Challengers Chess Cham"]
[Site "Naivedhyam Celebration Centre, Nagpur"]
[Date "2015.08.17"]
[Round "1"]
[Board "19"]
[White "Sankalp, Gupta"]
[Black "Rathnakaran, K."]
[Result "0-1"]
[WhiteElo "1918"]
[BlackElo "2417"]
[PlyCount "62"]
[EventDate "2015.08.17"]
[EventRounds "13"]
[EventCountry "IND"]

1. e4 e6 2. d4 d5 3. Nd2 Nf6 4. e5 Nfd7 5. Bd3 c5 6. c3 Nc6 7. Ne2 cxd4 8. cxd4
f6 9. exf6 Nxf6 10. Nf3 Bd6 11. O-O Qc7 12. Bg5 O-O 13. Bh4 Nh5 14. Qc2 h6 15.
Bh7+ Kh8 16. Bg6 Rxf3 17. Bxh5 Bxh2+ 18. Kh1 Rf5 19. Bg6 Bd6 20. Bxf5 exf5 21.
Rae1 Qf7 22. Bg3 Bb4 23. Nc3 f4 24. Bxf4 Qxf4 25. Re8+ Bf8 26. Qc1 Qf7 27. Qe3
Kh7 28. Nxd5 Bd6 29. Re1 Qxd5 30. Kg1 Qh5 31. g3 Bg4 0-1

[Event "GLOCAL SQUARE 53rd National Challengers Chess Cham"]
[Site "Naivedhyam Celebration Centre, Nagpur"]
[Date "2015.08.17"]
[Round "1"]
[Board "20"]
[White "Ravi, Teja S."]
[Black "Aditya, Basu"]
[Result "1-0"]
[WhiteElo "2416"]
[BlackElo "1917"]
[PlyCount "105"]
[EventDate "2015.08.17"]
[EventRounds "13"]
[EventCountry "IND"]

1. d4 Nf6 2. c4 g6 3. g3 Bg7 4. Bg2 d6 5. Nc3 O-O 6. Nf3 Nbd7 7. O-O e5 8. e4
c6 9. h3 exd4 10. Nxd4 Qb6 11. Re1 Ng4 12. Nce2 Nge5 13. b3 Nc5 14. Be3 Qc7 15.
Qc2 a5 16. Rad1 Re8 17. f4 Ned7 18. Nc3 Nf8 19. Ndb5 cxb5 20. Nxb5 Qd7 21. Nxd6
b6 22. Nxe8 Qxe8 23. Kh2 Rb8 24. e5 Bf5 25. Qe2 Qc8 26. Rd6 Bd7 27. Red1 Nfe6
28. Bxc5 Nxc5 29. Qd2 Be6 30. Rd8+ Qxd8 31. Qxd8+ Rxd8 32. Rxd8+ Bf8 33. Bc6
Na6 34. Bb7 Nc7 35. Be4 Kg7 36. g4 Be7 37. Rb8 Na6 38. Rxb6 Nc5 39. Bc2 f5 40.
exf6+ Bxf6 41. Rb5 Be7 42. Rxa5 Bd6 43. Kg2 Bd7 44. Kf1 Kf7 45. f5 gxf5 46.
Bxf5 Bxf5 47. gxf5 Ne4 48. Ra7+ Kf6 49. Rxh7 Kxf5 50. Ke1 Bg3+ 51. Ke2 Nc3+ 52.
Kf3 Be5 53. a4 1-0

[Event "GLOCAL SQUARE 53rd National Challengers Chess Cham"]
[Site "Naivedhyam Celebration Centre, Nagpur"]
[Date "2015.08.18"]
[Round "2"]
[Board "1"]
[White "Sengupta, Deep"]
[Black "Chakravarthi Reddy, M"]
[Result "1-0"]
[WhiteElo "2594"]
[BlackElo "2209"]
[PlyCount "157"]
[EventDate "2015.08.17"]
[EventRounds "13"]
[EventCountry "IND"]

1. e4 e6 2. d4 d5 3. Nd2 Nf6 4. e5 Nfd7 5. Bd3 c5 6. c3 Nc6 7. Ne2 cxd4 8. cxd4
f6 9. exf6 Qxf6 10. Nf3 h6 11. O-O Bd6 12. Be3 O-O 13. Rc1 Rf7 14. Bb5 e5 15.
Rxc6 bxc6 16. Bxc6 e4 17. Ne5 Nxe5 18. dxe5 Qxe5 19. Bf4 Rxf4 20. Nxf4 Rb8 21.
Qxd5+ Qxd5 22. Bxd5+ Kf8 23. Ng6+ Ke8 24. b3 Rb4 25. Rd1 Bc7 26. g3 Bf5 27. Nh4
Bg4 28. Re1 g5 29. Ng2 Bf3 30. Bc4 Rb8 31. Ne3 Ba5 32. Rc1 Bd2 33. Rc2 Bxe3 34.
fxe3 Rd8 35. Kf2 Rd1 36. Bf1 Kd7 37. h3 h5 38. Be2 Bxe2 39. Kxe2 Rh1 40. Rc5
Rxh3 41. Rxg5 Rh2+ 42. Kd1 Rxa2 43. Rxh5 Ke6 44. g4 Rb2 45. Rb5 Kd6 46. g5 Ke6
47. Rb4 Kf5 48. g6 Kxg6 49. Kc1 Re2 50. Rxe4 Kf5 51. Re7 a5 52. Re8 Kf6 53. Kb1
Kf5 54. Re7 Kf6 55. Re4 Kf5 56. Re8 Kf6 57. e4 Kf7 58. Re5 Kf6 59. Rxa5 Rxe4
60. Kb2 Ke6 61. Rc5 Kd6 62. Rc8 Kd7 63. Rc3 Re6 64. Ka3 Ra6+ 65. Kb4 Kd6 66.
Kb5 Ra3 67. Kb6 Kd5 68. Rc5+ Kd6 69. b4 Ra8 70. Kb7 Ra4 71. Rc6+ Kd7 72. b5 Ra1
73. Rc2 Kd6 74. b6 Rb1 75. Ka7 Ra1+ 76. Kb8 Rb1 77. b7 Kd7 78. Rd2+ Kc6 79. Kc8
 1-0

[Event "GLOCAL SQUARE 53rd National Challengers Chess Cham"]
[Site "Naivedhyam Celebration Centre, Nagpur"]
[Date "2015.08.18"]
[Round "2"]
[Board "2"]
[White "Sauravh, Khherdekar"]
[Black "Lalith, Babu M.R."]
[Result "0-1"]
[WhiteElo "2207"]
[BlackElo "2570"]
[PlyCount "78"]
[EventDate "2015.08.17"]
[EventRounds "13"]
[EventCountry "IND"]

1. d4 Nf6 2. Bg5 e6 3. e4 c5 4. d5 h6 5. Bxf6 Qxf6 6. Nc3 d6 7. Nf3 a6 8. a4
Nd7 9. Be2 h5 10. O-O Ne5 11. dxe6 fxe6 12. Nxe5 Qxe5 13. Kh1 g6 14. f4 Qd4 15.
Qe1 Bd7 16. Rd1 Qb4 17. e5 d5 18. Bd3 Rg8 19. Nxd5 exd5 20. e6 Bxa4 21. e7 Qxe1
22. exf8=Q+ Kxf8 23. Rdxe1 c4 24. b3 cxd3 25. bxa4 dxc2 26. Rc1 Rc8 27. Rf2 Ke7
28. Rcxc2 Rxc2 29. Rxc2 Kd6 30. Rb2 b5 31. axb5 Rb8 32. b6 Kc6 33. Kg1 Rxb6 34.
Rc2+ Kd6 35. Ra2 Kc5 36. Kf2 Re6 37. Rc2+ Kb4 38. Rc8 d4 39. Rd8 Kc3 0-1

[Event "GLOCAL SQUARE 53rd National Challengers Chess Cham"]
[Site "Naivedhyam Celebration Centre, Nagpur"]
[Date "2015.08.18"]
[Round "2"]
[Board "3"]
[White "Karthikeyan, Murali"]
[Black "Abhishek, Das"]
[Result "1-0"]
[WhiteElo "2510"]
[BlackElo "2205"]
[PlyCount "85"]
[EventDate "2015.08.17"]
[EventRounds "13"]
[EventCountry "IND"]

1. e4 c5 2. Nf3 Nc6 3. Bb5 g6 4. O-O Bg7 5. Bxc6 dxc6 6. d3 Nf6 7. h3 O-O 8. a4
Ne8 9. Nc3 e5 10. Be3 Qe7 11. a5 Nc7 12. Na4 Na6 13. Qd2 Rb8 14. b4 cxb4 15.
Bxa7 Ra8 16. Bc5 Nxc5 17. Qxb4 Re8 18. Qxc5 Qxc5 19. Nxc5 Bf8 20. Nb3 Be6 21.
Rfb1 Bb4 22. Nbd4 c5 23. Nb5 Rxa5 24. Rxa5 Bxa5 25. Nd6 Ra8 26. Ra1 b6 27. Nxe5
Rd8 28. Nb7 Bc3 29. Ra7 Rd4 30. Nc6 Rd7 31. Ra8+ Kg7 32. Nbd8 b5 33. Nxe6+ fxe6
34. Kf1 Rc7 35. Nd8 Re7 36. Ra6 Kf6 37. Rc6 Bd4 38. Ke2 g5 39. g3 b4 40. f4
gxf4 41. gxf4 b3 42. cxb3 Re8 43. Nb7 1-0

[Event "GLOCAL SQUARE 53rd National Challengers Chess Cham"]
[Site "Naivedhyam Celebration Centre, Nagpur"]
[Date "2015.08.18"]
[Round "2"]
[Board "4"]
[White "Srinath, Rao S.V."]
[Black "Deepan, Chakkravarthy J."]
[Result "0-1"]
[WhiteElo "2205"]
[BlackElo "2500"]
[PlyCount "172"]
[EventDate "2015.08.17"]
[EventRounds "13"]
[EventCountry "IND"]

1. e4 c5 2. c3 e6 3. d4 d5 4. exd5 exd5 5. Nf3 c4 6. Be2 Bd6 7. b3 cxb3 8. axb3
Ne7 9. Ba3 Nbc6 10. O-O O-O 11. c4 Bg4 12. c5 Bc7 13. Nbd2 Ba5 14. h3 Bh5 15.
Bb2 Re8 16. Ne5 Bxe2 17. Qxe2 f6 18. Nxc6 Nxc6 19. Qd3 Bxd2 20. Qxd2 Qd7 21.
Rfe1 a6 22. Qd3 Nb4 23. Qd2 Nc6 24. Qd3 Na7 25. Bc3 Rac8 26. Bd2 Nb5 27. Rad1
g6 28. Bf4 Rxe1+ 29. Rxe1 Re8 30. Re3 Rxe3 31. Qxe3 Kf7 32. g4 Qe6 33. Kg2 g5
34. Qxe6+ Kxe6 35. Be3 h6 36. Kg3 f5 37. f4 Kf6 38. fxg5+ hxg5 39. gxf5 Kxf5
40. Kf3 Nc3 41. Bd2 Ne4 42. Be1 Kg6 43. h4 Kf5 44. hxg5 Nxg5+ 45. Ke3 Kg4 46.
Ba5 Ne6 47. Be1 Ng7 48. Ba5 Nf5+ 49. Kd3 Kf3 50. Bc7 Ne7 51. Be5 Nc6 52. Bc7
Ne7 53. Be5 Nc6 54. Bc7 Na7 55. Bd8 Nb5 56. Bb6 Kf2 57. Ba5 Na7 58. Bd8 Ke1 59.
Bh4+ Kd1 60. Bg5 Nc6 61. Bf6 Na5 62. Kc3 Ke2 63. b4 Nc6 64. Bg5 Kf3 65. Bh4 Ke3
66. Bg5+ Ke4 67. Bf6 Kf5 68. Bh4 Kf4 69. Bf6 Ke4 70. Bh8 Na7 71. Kb3 Kd3 72.
Ka4 Kc4 73. Ka5 Nc6+ 74. Kb6 Kxb4 75. Kxb7 Kb5 76. Kc7 a5 77. Kd6 Nb4 78. c6
Nxc6 79. Kxd5 Nb4+ 80. Ke4 Kc4 81. d5 Nxd5 82. Ba1 a4 83. Kf3 Kd3 84. Kf2 a3
85. Kf3 Nb4 86. Kf4 Nc2 0-1